[Event "ICS rated blitz match"]
[Site "204.178.125.65"]
[Date "2000.11.24"]
[Round "?"]
[White "PostModernist"]
[Black "Hossa"]
[Result "1/2-1/2"]
[WhiteElo "2631"]
[BlackElo "2582"]
[PlyCount "82"]
[EventDate "2000.??.??"]

1. d4 d5 2. Nf3 Bf5 3. c4 e6 4. Qb3 Nc6 5. a3 Na5 6. Qa4+ c6 7. cxd5 exd5 8. e3
b5 9. Qd1 Bd6 10. Nc3 Nf6 11. Bd3 Bxd3 12. Qxd3 O-O 13. O-O Qe7 14. Qc2 Rab8
15. b3 b4 16. axb4 Bxb4 17. Ne2 a6 18. Ng3 Ne4 19. Nxe4 Qxe4 20. Qd1 Bc3 21.
Bb2 Bb4 22. Ne5 Rb5 23. Qe2 Ra8 24. f3 Qh4 25. Qc2 Bd6 26. Rfb1 Bxe5 27. dxe5
Nxb3 28. Qxc6 Rab8 29. Rxa6 Nd4 30. Qc7 Ne6 31. Qd6 Rxb2 32. Qxb8+ Rxb8 33.
Rxb8+ Nf8 34. g3 Qg5 35. f4 Qg4 36. Raa8 Qd1+ 37. Kg2 Qe2+ 38. Kh3 Qh5+ 39. Kg2
Qe2+ 40. Kh3 Qh5+ 41. Kg2 Qe2+ {Game drawn by repetition} 1/2-1/2

[Event "ICS rated blitz match"]
[Site "204.178.125.65"]
[Date "2000.11.24"]
[Round "?"]
[White "Hossa"]
[Black "PostModernist"]
[Result "0-1"]
[WhiteElo "2584"]
[BlackElo "2630"]
[PlyCount "126"]
[EventDate "2000.??.??"]

1. e4 c6 2. d4 d5 3. Nc3 dxe4 4. Nxe4 Nd7 5. Bc4 Ngf6 6. Nxf6+ Nxf6 7. c3 Qc7
8. Ne2 e6 9. Ng3 Bd7 10. Bg5 Be7 11. O-O O-O-O 12. Nh5 Rdg8 13. Qf3 Qd8 14.
Nxf6 Bxf6 15. Bf4 h5 16. Qe3 g5 17. Bd6 h4 18. Rfd1 Bg7 19. d5 cxd5 20. Qxa7
Bc6 21. Bb4 Qc7 22. Be2 h3 23. g3 Qe5 24. Bd3 d4 25. Rab1 Qd5 26. Kf1 Qh1+ 27.
Ke2 Qxh2 28. Rg1 g4 29. Qc5 Rd8 30. Be4 Bf8 31. Qc4 d3+ 32. Kf1 Kb8 33. Bxc6
bxc6 34. Qxc6 Bxb4 35. Qb6+ Ka8 36. Qxb4 Rd5 37. Qxg4 Rf5 38. Qe4+ Kb8 39. Qd4
Rh6 40. Qb6+ Kc8 41. Qc6+ Kd8 42. Qa8+ Ke7 43. Qa7+ Kf8 44. b3 Rxf2+ 45. Qxf2
Rf6 46. Rb2 Rxf2+ 47. Rxf2 d2 48. Rxh2 d1=Q+ 49. Kf2 Qc2+ 50. Kf3 Qxh2 51. Ra1
Qb2 52. Rd1 Qxc3+ 53. Kg4 h2 54. Kh3 Qf3 55. Rd8+ Ke7 56. Kxh2 Kxd8 57. Kh3 e5
58. b4 e4 59. Kh4 e3 60. g4 e2 61. Kh5 e1=Q 62. Kh6 Qxg4 63. a3 Qeh4# {
Hossa checkmated} 0-1

[Event "ICS rated bullet match"]
[Site "204.178.125.65"]
[Date "2000.11.25"]
[Round "?"]
[White "FifthAvenue"]
[Black "Hossa"]
[Result "0-1"]
[WhiteElo "2329"]
[BlackElo "2589"]
[PlyCount "90"]
[EventDate "2000.??.??"]

1. d3 e5 2. e3 d5 3. Be2 Nf6 4. Nf3 Bd6 5. Nbd2 O-O 6. c4 c6 7. O-O Na6 8. a3
b5 9. Qc2 bxc4 10. dxc4 e4 11. Nd4 Qc7 12. h3 Bh2+ 13. Kh1 Be5 14. N2b3 dxc4
15. Bxc4 c5 16. Ne2 Rd8 17. Bd2 Qe7 18. Bc3 Bxc3 19. Nxc3 Nc7 20. Rad1 Bf5 21.
Rxd8+ Rxd8 22. Rd1 Rxd1+ 23. Qxd1 a6 24. Ne2 Be6 25. Qc2 Qd6 26. Bxe6 Nxe6 27.
Nbc1 Qb8 28. Ng3 Qb5 29. Nce2 Qd3 30. Qxd3 exd3 31. Nc3 d2 32. Kg1 h5 33. Kf1
h4 34. Nge2 a5 35. Nf4 Nxf4 36. exf4 Nd5 37. Nd1 Nxf4 38. f3 a4 39. Kf2 g5 40.
Ke3 Nxg2+ 41. Kxd2 Nf4 42. Ke3 Nxh3 43. Ke4 Ng1 44. Kf5 h3 45. Kg4 h2 {
FifthAvenue resigns} 0-1

[Event "ICS rated blitz match"]
[Site "204.178.125.65"]
[Date "2000.11.25"]
[Round "?"]
[White "PostModernist"]
[Black "Hossa"]
[Result "1-0"]
[WhiteElo "2620"]
[BlackElo "2570"]
[PlyCount "185"]
[EventDate "2000.??.??"]

1. d4 d5 2. Nf3 Bf5 3. e3 e6 4. Nc3 Nf6 5. Bd3 Bxd3 6. cxd3 Nc6 7. O-O Bb4 8.
Bd2 O-O 9. Ne5 a5 10. Nxc6 bxc6 11. a3 Bd6 12. Na4 Qb8 13. Qc2 Qb5 14. b3 Rab8
15. Rfb1 e5 16. dxe5 Bxe5 17. Bc3 Bxc3 18. Qxc3 Nd7 19. d4 Rfe8 20. Qc2 Qa6 21.
Rb2 Re6 22. Rab1 Qc8 23. b4 axb4 24. Rxb4 Rxb4 25. Rxb4 Rf6 26. Nc5 Nxc5 27.
Qxc5 g5 28. h3 Kg7 29. Qc2 g4 30. h4 g3 31. fxg3 Qa6 32. Qc1 Rg6 33. Kh2 Qc8
34. Qf1 Rf6 35. Qe2 Rg6 36. Qf3 Rf6 37. Qh5 Qe8 38. Rb3 Rg6 39. Qf3 Qd7 40. a4
Rf6 41. Qh5 Rg6 42. a5 Qd6 43. Qf3 Rf6 44. Qg4+ Rg6 45. Qf4 c5 46. Qxd6 Rxd6
47. dxc5 Ra6 48. Rb7 Rxa5 49. Rxc7 Ra3 50. Rd7 Rxe3 51. Rxd5 Rc3 52. Rf5 h6 53.
g4 Rc4 54. Kh3 Rc3+ 55. g3 Rc2 56. Rd5 Rc1 57. g5 h5 58. Kg2 Rc3 59. Rf5 Rc4
60. Kf2 Rc3 61. Re5 Kf8 62. Kg2 Kg7 63. Rd5 Rc2+ 64. Kf3 Rc4 65. Ke3 Kf8 66.
Kd3 Rc1 67. Re5 Ra1 68. Kd4 Rd1+ 69. Kc4 Rc1+ 70. Kd5 Rd1+ 71. Kc6 Rd3 72. Kb5
Rb3+ 73. Kc4 Rxg3 74. c6 Rg2 75. Kc5 Rc2+ 76. Kd6 Rd2+ 77. Rd5 Ra2 78. c7 Ra8
79. Rb5 Kg7 80. Rb8 Ra6+ 81. Kd5 Ra5+ 82. Kd4 Ra4+ 83. Kc3 Rxh4 84. c8=Q Kg6
85. Qg8+ Kf5 86. Qxf7+ Kg4 87. Rb4+ Kg3 88. Rxh4 Kxh4 89. g6 Kh3 90. Qf3+ Kh2
91. g7 h4 92. g8=Q h3 93. Qgg3# {Hossa checkmated} 1-0

[Event "ICS rated blitz match"]
[Site "204.178.125.65"]
[Date "2000.11.25"]
[Round "?"]
[White "Hossa"]
[Black "federico"]
[Result "1-0"]
[WhiteElo "2556"]
[BlackElo "1990"]
[PlyCount "27"]
[EventDate "2000.??.??"]

1. d4 d5 2. Nf3 e6 3. e3 c5 4. dxc5 Bxc5 5. Bd3 Nf6 6. O-O O-O 7. b3 Nc6 8. Bb2
Re8 9. c4 a6 10. cxd5 Nxd5 11. Qc2 Ncb4 12. Bxh7+ Kh8 13. Qxc5 Nd3 14. Bxd3 {
federico resigns} 1-0

[Event "ICS rated blitz match"]
[Site "204.178.125.65"]
[Date "2000.11.25"]
[Round "?"]
[White "federico"]
[Black "Hossa"]
[Result "0-1"]
[WhiteElo "1989"]
[BlackElo "2557"]
[PlyCount "53"]
[EventDate "2000.??.??"]

1. e4 c6 2. d4 d5 3. exd5 cxd5 4. Bd3 Nc6 5. c3 Nf6 6. Bf4 Bg4 7. Nf3 e6 8.
Nbd2 Bd6 9. Bxd6 Qxd6 10. O-O O-O-O 11. b4 e5 12. b5 e4 13. bxc6 exd3 14. cxb7+
Kb8 15. Qb3 Rd7 16. Rab1 Qa6 17. Ne5 Rxb7 18. Qxb7+ Qxb7 19. Rxb7+ Kxb7 20.
Nxf7 Rf8 21. Ne5 Be2 22. Rb1+ Kc7 23. c4 Ne4 24. Nxe4 dxe4 25. Rb2 Rb8 26. Rxb8
Kxb8 27. Nc6+ {federico resigns} 0-1

[Event "ICS rated blitz match"]
[Site "204.178.125.65"]
[Date "2000.11.25"]
[Round "?"]
[White "Hossa"]
[Black "federico"]
[Result "1-0"]
[WhiteElo "2558"]
[BlackElo "1988"]
[PlyCount "45"]
[EventDate "2000.??.??"]

1. d4 g6 2. e4 Bg7 3. c3 d6 4. f4 c6 5. Nf3 d5 6. e5 Bg4 7. Bd3 Nh6 8. O-O e6
9. b3 Nf5 10. h3 Bxf3 11. Rxf3 h5 12. Ba3 Bf8 13. Bxf8 Kxf8 14. Bxf5 gxf5 15.
c4 Nd7 16. cxd5 cxd5 17. Qd2 Qb6 18. Nc3 Rc8 19. Na4 Qb5 20. Rc3 Ke7 21. Rac1
Rxc3 22. Nxc3 Qb4 23. Nxd5+ {federico resigns} 1-0

[Event "ICS rated bullet match"]
[Site "204.178.125.65"]
[Date "2000.11.25"]
[Round "?"]
[White "Hossa"]
[Black "twixer"]
[Result "0-1"]
[WhiteElo "2595"]
[BlackElo "2704"]
[PlyCount "144"]
[EventDate "2000.??.??"]

1. d4 d5 2. Nf3 Nf6 3. e3 e6 4. Bd3 c5 5. c3 Nbd7 6. Nbd2 Qc7 7. O-O Be7 8. c4
cxd4 9. exd4 O-O 10. c5 b6 11. cxb6 axb6 12. Nb3 Ne4 13. Be3 Ba6 14. Bxa6 Rxa6
15. Qe2 Rfa8 16. Rac1 Qb8 17. a3 Bd6 18. Nbd2 Ndf6 19. h3 h6 20. Rfe1 b5 21.
Ne5 b4 22. Nc6 Qb7 23. Nxe4 Nxe4 24. Nxb4 Bxb4 25. axb4 Qxb4 26. Rc7 Ra2 27.
Rb1 Qd6 28. Qc2 f5 29. Rc8+ Rxc8 30. Qxc8+ Kh7 31. Qe8 f4 32. Bc1 Qb6 33. Bxf4
Qxd4 34. Be3 Qf6 35. f3 Nd6 36. Qc6 Nc4 37. Bf2 Nxb2 38. Qc2+ Qg6 39. Rc1 Qxc2
40. Rxc2 Ra1+ 41. Kh2 Nd3 42. Bg1 e5 43. Bb6 d4 44. Rc6 Ra2 45. Bc7 Re2 46. Kg1
Nf4 47. Kf1 d3 48. g3 Nh5 49. Re6 Nxg3+ 50. Kg1 d2 51. Rd6 Nf5 52. Rd3 Re1+ 53.
Kh2 d1=Q 54. Rxd1 Rxd1 55. Bxe5 Rd2+ 56. Kg1 Nh4 57. Kf1 Rd3 58. f4 Rxh3 59.
Kf2 Ra3 60. Bc7 Nf5 61. Be5 Kg6 62. Ke2 Kh5 63. Kd2 Kg4 64. Kc2 h5 65. Kd2 h4
66. Bb2 Rf3 67. Ke1 h3 68. Bd4 Nxd4 69. f5 h2 70. Kd2 h1=Q 71. f6 Qg2+ 72. Kc1
Rf1# {Hossa checkmated} 0-1

[Event "ICS rated blitz match"]
[Site "204.178.125.65"]
[Date "2000.11.25"]
[Round "?"]
[White "Valg"]
[Black "Hossa"]
[Result "1-0"]
[WhiteElo "2781"]
[BlackElo "2559"]
[PlyCount "97"]
[EventDate "2000.??.??"]

1. e4 c6 2. d4 d5 3. Nc3 dxe4 4. Nxe4 Nd7 5. Bc4 Ngf6 6. Ng5 e6 7. Qe2 Nb6 8.
Bd3 h6 9. N5f3 c5 10. dxc5 Bxc5 11. Ne5 Nbd7 12. Ngf3 Nxe5 13. Nxe5 O-O 14. O-O
Qc7 15. Bf4 Rd8 16. Rad1 Nd5 17. Bg3 f6 18. Ng6 e5 19. Rd2 Be6 20. Bc4 Qf7 21.
Rfd1 Rd6 22. Bxd5 Rxd5 23. Rxd5 Bxd5 24. Qb5 Be4 25. Qxc5 Bxg6 26. c4 Bc2 27.
Rd2 Be4 28. f3 Bc6 29. Rd6 Qg6 30. Qxe5 Re8 31. Qc3 Qb1+ 32. Kf2 Qxa2 33. Rd1
Ba4 34. Rd4 Qb1 35. Bf4 Bc6 36. Rd3 f5 37. Re3 Rxe3 38. Bxe3 a6 39. Bd4 Qh1 40.
Bxg7 Qxh2 41. Qf6 Qc7 42. Qf8+ Kh7 43. Bc3 Qd7 44. g4 fxg4 45. fxg4 Bd5 46.
cxd5 Qc7 47. Qh8+ Kg6 48. Qg8+ Qg7 49. Qxg7# {Hossa checkmated} 1-0

[Event "ICS rated blitz match"]
[Site "204.178.125.65"]
[Date "2000.11.25"]
[Round "?"]
[White "Hossa"]
[Black "PostModernist"]
[Result "0-1"]
[WhiteElo "2552"]
[BlackElo "2628"]
[PlyCount "114"]
[EventDate "2000.??.??"]

1. d4 Nf6 2. Nf3 g6 3. c4 Bg7 4. Nc3 O-O 5. e4 c6 6. e5 Ne8 7. Bd3 d6 8. O-O
Bg4 9. Bf4 Bxf3 10. Qxf3 Qb6 11. exd6 exd6 12. Be3 Qxb2 13. Rfc1 Qb6 14. Rab1
Qc7 15. Re1 Nd7 16. Rb2 Nef6 17. a4 b6 18. Rbe2 Rfe8 19. Bg5 Rxe2 20. Rxe2 Re8
21. Rxe8+ Nxe8 22. Qe4 Ndf6 23. Qf3 Qd7 24. d5 Qg4 25. Qe3 cxd5 26. cxd5 Nc7
27. Be2 Qb4 28. Qd3 Nfe8 29. Bd2 Bxc3 30. Bxc3 Qxa4 31. Bf3 Qb3 32. Qd2 Qb1+
33. Bd1 Nb5 34. Bb2 Nec7 35. Bf6 Qf5 36. Qb2 Qxd5 37. Bf3 Qc5 38. Be2 Nd5 39.
Bd8 Nbc3 40. Bf3 a5 41. Qd2 a4 42. Qe1 a3 43. Qe8+ Kg7 44. Qe1 a2 45. Bg5 Nb1
46. Be4 a1=Q 47. Qxb1 Qxb1+ 48. Bxb1 Qd4 49. h4 Qd1+ 50. Kh2 Qxb1 51. Bd8 f6
52. h5 Qc2 53. hxg6 Qxf2 54. gxh7 Nf4 55. h8=Q+ Kxh8 56. Bxf6+ Kh7 57. Kh1
Qxg2# {Hossa checkmated} 0-1

[Event "ICS rated bullet match"]
[Site "204.178.125.65"]
[Date "2000.11.25"]
[Round "?"]
[White "twixer"]
[Black "Hossa"]
[Result "1/2-1/2"]
[WhiteElo "2715"]
[BlackElo "2584"]
[PlyCount "121"]
[EventDate "2000.??.??"]

1. c4 Nf6 2. Nc3 e5 3. Nf3 Nc6 4. g3 Bb4 5. Bg2 O-O 6. O-O Re8 7. Ne1 d6 8. Nd3
Ba5 9. Bxc6 bxc6 10. b4 e4 11. bxa5 exd3 12. exd3 Bf5 13. Qc2 Nd7 14. Bb2 Ne5
15. Ne4 Nxd3 16. Qxd3 Bxe4 17. Qc3 Qg5 18. f4 Qg4 19. d3 Bf5 20. Rfe1 Rab8 21.
Rxe8+ Rxe8 22. Re1 Ra8 23. Re7 Rc8 24. c5 d5 25. Kf1 Be6 26. f5 Qxf5+ 27. Kg1
Qg4 28. Kg2 Kf8 29. Rxe6 fxe6 30. Qe5 Qg6 31. h4 Rb8 32. Bc3 Qf7 33. Qg5 h6 34.
Qc1 Kg8 35. a4 Rf8 36. Qe1 Qf3+ 37. Kh3 Qxd3 38. Qxe6+ Kh7 39. Qe5 Qf1+ 40. Kg4
Rf6 41. h5 Qf2 42. Bd4 Qf3+ 43. Kh4 Qh1+ 44. Kg4 Qd1+ 45. Kh3 Rf7 46. a6 Qh1+
47. Kg4 Qf3+ 48. Kh4 Qg2 49. Kg4 Qc2 50. a5 Qd1+ 51. Kh3 Qf1+ 52. Kh2 Qf3 53.
Kh3 Kh8 54. Qe8+ Rf8 55. Bxg7+ Kxg7 56. Qg6+ Kh8 57. Qxh6+ Kg8 58. Qg6+ Kh8 59.
Qh6+ Kg8 60. Qg6+ Kh8 61. Qh6+ {Game drawn by repetition} 1/2-1/2

[Event "ICS rated bullet match"]
[Site "204.178.125.65"]
[Date "2000.11.25"]
[Round "?"]
[White "Hossa"]
[Black "twixer"]
[Result "1/2-1/2"]
[WhiteElo "2590"]
[BlackElo "2709"]
[PlyCount "229"]
[EventDate "2000.??.??"]

1. d4 d5 2. Nf3 Nf6 3. e3 e6 4. Bd3 c5 5. b3 Nbd7 6. O-O b6 7. Bb2 Bb7 8. dxc5
Bxc5 9. Nc3 O-O 10. Ne2 Qc7 11. Ned4 a6 12. Ng5 e5 13. Nf5 h6 14. Nh3 Rfd8 15.
f4 e4 16. Be2 b5 17. Qd2 Qb6 18. b4 Bf8 19. Bd4 Qe6 20. Ng3 Bd6 21. Nf2 Rdc8
22. a4 Bc6 23. axb5 axb5 24. Rxa8 Rxa8 25. Rd1 Ra2 26. Ra1 Rxa1+ 27. Bxa1 Nb6
28. Bd4 Bc7 29. Bf1 Kh8 30. Qc3 Na4 31. Qe1 Bb6 32. Qd2 Bxd4 33. Qxd4 Bd7 34.
Qd2 Qc6 35. Nd1 Bg4 36. Ne2 Qb6 37. Nf2 Bxe2 38. Bxe2 Qc6 39. Nd1 Kg8 40. Qd4
Nd7 41. Qa7 Nf8 42. Qd4 Ne6 43. Qd2 g6 44. g3 f5 45. g4 fxg4 46. Bxg4 Kf7 47.
Qg2 Nc7 48. f5 gxf5 49. Bxf5 Kf8 50. Qg6 Qxg6+ 51. Bxg6 Kg7 52. Bf5 Kf6 53. Bh3
Ke5 54. c3 Nb6 55. Bf1 Nc4 56. Be2 Nd6 57. Nf2 Nf5 58. Nd1 Ke6 59. Bg4 Ne8 60.
Kf2 Ned6 61. Be2 Ke5 62. Kg2 Kf6 63. Kg1 Kg5 64. Kf1 h5 65. Kg2 h4 66. Bf1 Kf6
67. Kh3 Ke6 68. Be2 Ke5 69. Bg4 Kf6 70. Be2 Kg5 71. Bg4 Kh6 72. Be2 Kg7 73. Bg4
Kg6 74. Be2 Kh7 75. Bg4 Kg7 76. Be2 Kg6 77. Kg4 Kf6 78. Kh3 Nc4 79. Bxc4 bxc4
80. Kg4 Ke5 81. b5 Nd6 82. b6 h3 83. Kxh3 Kf5 84. Nf2 Ke6 85. Kg3 Kd7 86. Kf4
Kc6 87. Ke5 Nf7+ 88. Kf6 Nd6 89. h4 d4 90. exd4 e3 91. Ng4 Ne4+ 92. Ke6 e2 93.
Ne5+ Kxb6 94. Nf3 Nxc3 95. h5 Ne4 96. Kf5 c3 97. h6 c2 98. h7 c1=Q 99. h8=Q
Nd6+ 100. Ke6 Nb7 101. Qf6 e1=Q+ 102. Nxe1 Qxe1+ 103. Kd7+ Ka7 104. d5 Nc5+
105. Kc6 Qb4 106. Qe7+ Qb7+ 107. Qxb7+ Nxb7 108. d6 Nd8+ 109. Kc7 Ne6+ 110. Kc6
Nd4+ 111. Kc7 Nb5+ 112. Kc6 Nd4+ 113. Kc7 Nb5+ 114. Kc6 Nd4+ 115. Kc7 {
Game drawn by repetition} 1/2-1/2

[Event "ICS rated blitz match"]
[Site "204.178.125.65"]
[Date "2000.11.25"]
[Round "?"]
[White "PabloZelig"]
[Black "Hossa"]
[Result "0-1"]
[WhiteElo "2093"]
[BlackElo "2539"]
[PlyCount "110"]
[EventDate "2000.??.??"]

1. d4 e6 2. c4 Nf6 3. Nc3 Bb4 4. a3 Be7 5. e4 d5 6. cxd5 exd5 7. e5 Ne4 8. Bd3
c5 9. Bxe4 dxe4 10. d5 Nd7 11. Bf4 Bg5 12. Bg3 e3 13. Nf3 exf2+ 14. Kxf2 O-O
15. Re1 Nb6 16. Kg1 Bg4 17. Qd3 Bh6 18. Qe4 Qd7 19. h3 Bf5 20. e6 fxe6 21. dxe6
Bxe4 22. exd7 Bxf3 23. gxf3 Nxd7 24. Re7 Rxf3 25. Kg2 Rf7 26. Rae1 Bg5 27. Rxf7
Kxf7 28. Ne4 Be7 29. Bd6 Bf6 30. Nxc5 Nxc5 31. Bxc5 b6 32. Bb4 Bxb2 33. Re7+
Kf6 34. Rb7 Be5 35. Be1 h6 36. a4 g5 37. Bb4 h5 38. Be1 g4 39. hxg4 hxg4 40.
Bg3 Re8 41. Bh4+ Kg6 42. Rxa7 Rc8 43. Re7 Rc2+ 44. Kf1 Kf5 45. Rf7+ Ke4 46. Rf2
Rc1+ 47. Kg2 Bd4 48. Re2+ Kd3 49. Re1 Rc2+ 50. Kf1 Ra2 51. Rd1+ Ke4 52. Re1+
Kf3 53. Rd1 Rh2 54. Rd3+ Be3 55. Bf2 Rh1+ {PabloZelig resigns} 0-1

[Event "ICS rated blitz match"]
[Site "204.178.125.65"]
[Date "2000.11.25"]
[Round "?"]
[White "Hossa"]
[Black "gaudi"]
[Result "1-0"]
[WhiteElo "2543"]
[BlackElo "2084"]
[PlyCount "31"]
[EventDate "2000.??.??"]

1. d4 g6 2. e4 Bg7 3. c3 d6 4. f4 c6 5. Nf3 Bg4 6. Bd3 Nd7 7. h3 Bxf3 8. Qxf3
e5 9. fxe5 dxe5 10. O-O Ngf6 11. Bg5 h6 12. Bh4 Qb6 13. Na3 g5 14. Nc4 Qc7 15.
Bg3 O-O-O 16. dxe5 {gaudi resigns} 1-0

[Event "ICS rated standard match"]
[Site "204.178.125.65"]
[Date "2000.11.25"]
[Round "?"]
[White "Hossa"]
[Black "Alessandro"]
[Result "1-0"]
[WhiteElo "2278"]
[BlackElo "2366"]
[PlyCount "29"]
[EventDate "2000.??.??"]

1. d4 Nf6 2. Bf4 g6 3. e3 Bg7 4. Nf3 O-O 5. Nc3 d5 6. h3 Bf5 7. Bd3 Ne4 8. Bxe4
Bxe4 9. Nxe4 dxe4 10. Nd2 f5 11. c3 e6 12. Qb3 Qc8 13. h4 h6 14. O-O-O Rd8 15.
g4 {Alessandro resigns} 1-0

[Event "ICS rated standard match"]
[Site "204.178.125.65"]
[Date "2000.11.25"]
[Round "?"]
[White "Alessandro"]
[Black "Hossa"]
[Result "0-1"]
[WhiteElo "2346"]
[BlackElo "2298"]
[PlyCount "51"]
[EventDate "2000.??.??"]

1. e4 c6 2. d4 b6 3. Nc3 e6 4. Nf3 d5 5. Bd3 Ba6 6. Bxa6 Nxa6 7. O-O Nb8 8. Bg5
Be7 9. Qd2 Bxg5 10. Nxg5 Ne7 11. f3 Nd7 12. Rfe1 O-O 13. a3 Qc7 14. exd5 Nxd5
15. Rad1 Ne7 16. Ne2 Ng6 17. Ne4 Rfe8 18. c4 Red8 19. Qg5 b5 20. cxb5 cxb5 21.
N2c3 a6 22. d5 Qb6+ 23. Kh1 f6 24. Qg3 Nde5 25. d6 Nc4 26. b3 {
Alessandro resigns} 0-1

[Event "ICS rated blitz match"]
[Site "204.178.125.65"]
[Date "2000.11.25"]
[Round "?"]
[White "WICKER-MAN"]
[Black "Hossa"]
[Result "0-1"]
[WhiteElo "2170"]
[BlackElo "2545"]
[PlyCount "46"]
[EventDate "2000.??.??"]

1. e4 c6 2. d4 d5 3. e5 c5 4. c3 e6 5. f4 cxd4 6. cxd4 Nc6 7. Nc3 Nh6 8. Nf3
Nf5 9. Bb5 a6 10. Bxc6+ bxc6 11. O-O c5 12. dxc5 Bxc5+ 13. Kh1 Bd7 14. a3 O-O
15. b4 Bb6 16. Bb2 Ne3 17. Qd3 Nxf1 18. Rxf1 Qe7 19. Ng5 g6 20. Qh3 h5 21. g4
f6 22. Nxd5 exd5 23. Kg2 fxg5 {WICKER-MAN resigns} 0-1

[Event "ICS rated blitz match"]
[Site "204.178.125.65"]
[Date "2000.11.25"]
[Round "?"]
[White "WICKER-MAN"]
[Black "Hossa"]
[Result "0-1"]
[WhiteElo "2164"]
[BlackElo "2551"]
[PlyCount "70"]
[EventDate "2000.??.??"]

1. e4 c6 2. d4 d5 3. exd5 cxd5 4. c4 Nf6 5. Nc3 e6 6. Nf3 Nc6 7. Be3 Be7 8. c5
Bd7 9. Bb5 a6 10. Bxc6 Bxc6 11. O-O Ng4 12. h3 Nxe3 13. fxe3 f6 14. Qd3 O-O 15.
Rf2 e5 16. Nh2 e4 17. Qe2 f5 18. Raf1 g6 19. g4 Qc7 20. Rg2 f4 21. exf4 Rxf4
22. Rxf4 Qxf4 23. Qf2 Qc1+ 24. Qf1 Qe3+ 25. Qf2 Qxh3 26. Rg3 Qh6 27. g5 Bxg5
28. Ng4 Qg7 29. Ne5 Bh4 30. Qf4 Bxg3 31. Qxg3 Qh6 32. Ne2 Qd2 33. Nf4 Qxd4+ 34.
Kg2 Qxb2+ 35. Kh3 Qxe5 {WICKER-MAN resigns} 0-1

[Event "ICS rated blitz match"]
[Site "204.178.125.65"]
[Date "2000.11.25"]
[Round "?"]
[White "Hossa"]
[Black "WICKER-MAN"]
[Result "1-0"]
[WhiteElo "2554"]
[BlackElo "2161"]
[PlyCount "27"]
[EventDate "2000.??.??"]

1. d4 Nf6 2. c4 c5 3. Nf3 g6 4. dxc5 Bg7 5. Nc3 O-O 6. e4 a6 7. Bd3 Qa5 8. O-O
Qxc5 9. Be3 Qc7 10. e5 Ne8 11. Nd5 Qd8 12. Bb6 Nc7 13. Nxc7 Nc6 14. Nxa8 {
WICKER-MAN resigns} 1-0

[Event "ICS rated blitz match"]
[Site "204.178.125.65"]
[Date "2000.11.25"]
[Round "?"]
[White "WICKER-MAN"]
[Black "Hossa"]
[Result "0-1"]
[WhiteElo "2158"]
[BlackElo "2557"]
[PlyCount "62"]
[EventDate "2000.??.??"]

1. e4 c6 2. c4 d5 3. cxd5 cxd5 4. exd5 Nf6 5. d4 Nxd5 6. Nc3 e6 7. Nf3 Nc6 8.
Bc4 Bb4 9. Bd2 Nb6 10. Bb5 O-O 11. O-O Nxd4 12. Nxd4 Qxd4 13. Qc2 Nc4 14. Bxc4
Qxc4 15. b3 Qc7 16. Rac1 Bd6 17. g3 e5 18. Qd3 Qe7 19. Ne4 Ba3 20. Rc2 Bh3 21.
Ng5 e4 22. Nxe4 Rad8 23. Qf3 Bxf1 24. Kxf1 Qe6 25. Bc3 Rfe8 26. Ng5 Qg6 27. h4
f6 28. Nh3 Qxc2 29. Bxf6 Qd1+ 30. Kg2 Qxf3+ 31. Kxf3 gxf6 {WICKER-MAN resigns}
0-1

[Event "ICS rated bullet match"]
[Site "204.178.125.65"]
[Date "2000.11.25"]
[Round "?"]
[White "Andy2"]
[Black "Hossa"]
[Result "0-1"]
[WhiteElo "1999"]
[BlackElo "2595"]
[PlyCount "36"]
[EventDate "2000.??.??"]

1. c4 e5 2. Nc3 Nf6 3. Nf3 Nc6 4. e4 Bc5 5. Nxe5 O-O 6. Nxc6 dxc6 7. Be2 Qd4 8.
O-O Nxe4 9. Nxe4 Qxe4 10. d3 Qe5 11. Rb1 Bd6 12. g3 Bh3 13. Re1 Rfe8 14. Bf4
Qa5 15. Bxd6 cxd6 16. a3 Re7 17. Bf1 Bg4 18. Be2 Rae8 {Andy2 resigns} 0-1

[Event "ICS rated bullet match"]
[Site "204.178.125.65"]
[Date "2000.11.25"]
[Round "?"]
[White "Hossa"]
[Black "Andy2"]
[Result "1-0"]
[WhiteElo "2596"]
[BlackElo "1998"]
[PlyCount "75"]
[EventDate "2000.??.??"]

1. d4 f5 2. Nf3 d5 3. Bf4 c6 4. e3 Nf6 5. Bd3 e6 6. Nbd2 Be7 7. c4 O-O 8. c5
Ne4 9. Be2 Bd7 10. Be5 Be8 11. Qb3 Qc8 12. Nf1 Nd7 13. Bf4 Bf6 14. Ng3 Kh8 15.
Qc2 a6 16. Bd3 Qd8 17. b4 Qe7 18. Bxe4 fxe4 19. Bd6 Qf7 20. Bxf8 exf3 21. Bd6
fxg2 22. Rg1 e5 23. Rd1 exd4 24. exd4 Qg8 25. f4 Bg6 26. Qxg2 Re8+ 27. Be5 a5
28. bxa5 Qf8 29. Rd2 Re7 30. Kd1 Qa8 31. Bxf6 Nxf6 32. f5 Be8 33. Re2 Rxe2 34.
Nxe2 Nh5 35. Qg5 Qxa5 36. Qe7 Qa4+ 37. Ke1 Qb4+ 38. Kf2 {Andy2 resigns} 1-0

[Event "ICS rated bullet match"]
[Site "204.178.125.65"]
[Date "2000.11.25"]
[Round "?"]
[White "Hossa"]
[Black "Andy2"]
[Result "1-0"]
[WhiteElo "2598"]
[BlackElo "1996"]
[PlyCount "77"]
[EventDate "2000.??.??"]

1. d4 Nf6 2. c4 c6 3. Nc3 d6 4. e4 Nbd7 5. Bd3 e5 6. Nf3 Be7 7. O-O O-O 8. Re1
a6 9. b4 b5 10. cxb5 cxb5 11. Nd5 Nxd5 12. exd5 Bf6 13. Qc2 Bb7 14. dxe5 Nxe5
15. Nxe5 Bxe5 16. Rb1 g6 17. Be4 Rc8 18. Qd1 Rc4 19. Bd3 Rc8 20. Be2 Qh4 21. g3
Qe4 22. Bh6 Rfe8 23. Bxb5 Qxe1+ 24. Qxe1 axb5 25. Qd2 Bc3 26. Qd3 Re5 27. Qxb5
Bxd5 28. Bf4 Bc6 29. Qa6 Ree8 30. Bxd6 Ba8 31. a4 Rc6 32. Qb5 Rec8 33. Rd1 Bd4
34. Bf4 Ba7 35. Qg5 Rc2 36. Rd8+ Rxd8 37. Qxd8+ Kg7 38. Be5+ Kh6 39. Qh4# {
Andy2 checkmated} 1-0

[Event "ICS rated blitz match"]
[Site "204.178.125.65"]
[Date "2000.11.25"]
[Round "?"]
[White "Hossa"]
[Black "libertad"]
[Result "1-0"]
[WhiteElo "2560"]
[BlackElo "2137"]
[PlyCount "86"]
[EventDate "2000.??.??"]

1. d4 d5 2. Nf3 Nf6 3. e3 g6 4. Nbd2 Bg7 5. c4 O-O 6. cxd5 Nxd5 7. e4 Nb6 8.
Nc4 Bg4 9. Na5 Bxf3 10. gxf3 Qxd4 11. Qxd4 Bxd4 12. Nxb7 Nc6 13. Bb5 Ne5 14. f4
Nec4 15. Rb1 a6 16. Bc6 Rab8 17. O-O e5 18. b3 Nd6 19. Nxd6 cxd6 20. Ba3 Rfd8
21. fxe5 dxe5 22. Be7 Rdc8 23. Rfc1 a5 24. Bd6 h5 25. a3 Kg7 26. b4 axb4 27.
axb4 Rd8 28. Bxb8 Rxb8 29. Kg2 f5 30. exf5 gxf5 31. Rb3 Kf6 32. Rd3 h4 33. b5
Rg8+ 34. Kf1 Na4 35. Ke2 Bb6 36. Rd6+ Ke7 37. Rh6 Rg4 38. Rh7+ Kf6 39. Bf3 Rb4
40. Rc6+ Kg5 41. Rh5+ Kf4 42. Rxh4+ Kg5 43. Rxb4 e4 {libertad resigns} 1-0

[Event "ICS rated bullet match"]
[Site "204.178.125.65"]
[Date "2000.11.25"]
[Round "?"]
[White "Andy2"]
[Black "Hossa"]
[Result "0-1"]
[WhiteElo "1988"]
[BlackElo "2599"]
[PlyCount "84"]
[EventDate "2000.??.??"]

1. d4 e6 2. e3 d5 3. Bd3 Nf6 4. c3 c5 5. Nf3 c4 6. Bc2 Bd6 7. Ne5 Nbd7 8. f4 b5
9. Nd2 Bb7 10. O-O b4 11. Qf3 bxc3 12. bxc3 Rb8 13. g4 Nb6 14. a4 a5 15. Ba3
Bxa3 16. Rxa3 Ng8 17. g5 Ne7 18. Qh5 g6 19. Qf3 Nf5 20. Ng4 Nd7 21. Raa1 Ba6
22. e4 Rb2 23. Rac1 dxe4 24. Nxe4 Bb7 25. Qh3 Bxe4 26. Bxe4 Re2 27. Rfe1 Rxe1+
28. Rxe1 Qc7 29. Ne5 O-O 30. Bxf5 gxf5 31. Qh6 Nxe5 32. fxe5 Qc6 33. Qh3 Qxa4
34. Qg3 Qa2 35. h4 Rb8 36. h5 Rb1 37. g6 Rxe1+ 38. Qxe1 fxg6 39. hxg6 hxg6 40.
Qh4 Qb1+ 41. Kg2 Qe4+ 42. Kg1 Qxh4 {Andy2 resigns} 0-1

[Event "ICS rated blitz match"]
[Site "204.178.125.65"]
[Date "2000.11.25"]
[Round "?"]
[White "libertad"]
[Black "Hossa"]
[Result "0-1"]
[WhiteElo "2134"]
[BlackElo "2563"]
[PlyCount "100"]
[EventDate "2000.??.??"]

1. e4 e5 2. Nf3 Nc6 3. Bc4 Be7 4. d4 d6 5. dxe5 dxe5 6. Qxd8+ Bxd8 7. Nc3 Nd4
8. Nxd4 exd4 9. Ne2 c5 10. O-O Nf6 11. c3 Be6 12. Bxe6 fxe6 13. cxd4 Bb6 14. e5
Nd5 15. dxc5 Bxc5 16. a3 O-O 17. b4 Bb6 18. Bb2 Rf5 19. Rac1 Raf8 20. Bd4 g6
21. Bxb6 axb6 22. f4 Ra8 23. Ra1 Rff8 24. g3 Rfc8 25. Nd4 Kf7 26. Nb5 Ke7 27.
Rfc1 Rc6 28. Rxc6 bxc6 29. Nd4 Nxb4 30. Rb1 c5 31. Nxe6 Rxa3 32. Ng5 h5 33. Kg2
Nd5 34. Ne4 Ra2+ 35. Kh3 Re2 36. Ng5 Re3 37. Rf1 b5 38. Rf3 b4 39. Rxe3 Nxe3
40. Ne4 b3 41. Nc3 b2 42. Kh4 c4 43. h3 Ke6 44. g4 hxg4 45. hxg4 Nd5 46. Nb1 c3
47. Kg5 c2 48. Nd2 c1=Q 49. f5+ gxf5 50. gxf5+ Kxe5 {libertad resigns} 0-1